<?xml version="1.0" encoding="UTF-8"?><?xml-stylesheet type="text/xsl" href="static/style.xsl"?><OAI-PMH xmlns="http://www.openarchives.org/OAI/2.0/" xmlns:xsi="http://www.w3.org/2001/XMLSchema-instance" xsi:schemaLocation="http://www.openarchives.org/OAI/2.0/ http://www.openarchives.org/OAI/2.0/OAI-PMH.xsd"><responseDate>2026-04-13T07:30:53Z</responseDate><request verb="GetRecord" identifier="oai:www.recercat.cat:2117/419801" metadataPrefix="marc">https://recercat.cat/oai/request</request><GetRecord><record><header><identifier>oai:recercat.cat:2117/419801</identifier><datestamp>2025-07-22T15:26:00Z</datestamp><setSpec>com_2072_1033</setSpec><setSpec>col_2072_452951</setSpec></header><metadata><record xmlns="http://www.loc.gov/MARC21/slim" xmlns:dcterms="http://purl.org/dc/terms/" xmlns:xsi="http://www.w3.org/2001/XMLSchema-instance" xmlns:doc="http://www.lyncode.com/xoai" xsi:schemaLocation="http://www.loc.gov/MARC21/slim http://www.loc.gov/standards/marcxml/schema/MARC21slim.xsd">
   <leader>00925njm 22002777a 4500</leader>
   <datafield ind2=" " ind1=" " tag="042">
      <subfield code="a">dc</subfield>
   </datafield>
   <datafield ind2=" " ind1=" " tag="720">
      <subfield code="a">Quetglas Villalonga, Joan Francesc</subfield>
      <subfield code="e">author</subfield>
   </datafield>
   <datafield ind2=" " ind1=" " tag="260">
      <subfield code="c">2022-09-25</subfield>
   </datafield>
   <datafield ind2=" " ind1=" " tag="520">
      <subfield code="a">The aim of this project is to model a wind turbine driven by permanent magnetic synchronous generator (PMSG) and to design the control of the WT able to support and recover from voltage sags. Moreover, this project demonstrates the efficiency and the effects of a voltage sag on the grid stability and the ro- bustness of the voltage source converter (VSC) as converter in the WT world. The generator side inverter, adjusts the synchronous generator and decouples it from the grid when necessary, for example when the voltage sags occurs. On the other hand, the grid-side inverter oversees the power flow between the DC bus and the AC side. Moreover the fault-ride through capability has the capability to recover fast after a fault clearance. The simulation results in Matlab Simulink 2021b shows that the model has good dynamics and it recovers with a short time after a voltage drop, stabilizing the turbine.</subfield>
   </datafield>
   <datafield ind2=" " ind1=" " tag="520">
      <subfield code="a">Outgoing</subfield>
   </datafield>
   <datafield tag="653" ind2=" " ind1=" ">
      <subfield code="a">Àrees temàtiques de la UPC::Energies::Energia eòlica</subfield>
   </datafield>
   <datafield tag="653" ind2=" " ind1=" ">
      <subfield code="a">Electric current converters</subfield>
   </datafield>
   <datafield tag="653" ind2=" " ind1=" ">
      <subfield code="a">Wind turbines</subfield>
   </datafield>
   <datafield tag="653" ind2=" " ind1=" ">
      <subfield code="a">Voltage Source Converter, Fault Ride Through, Wind Power, PMSG</subfield>
   </datafield>
   <datafield tag="653" ind2=" " ind1=" ">
      <subfield code="a">Convertidors de corrent elèctric</subfield>
   </datafield>
   <datafield tag="653" ind2=" " ind1=" ">
      <subfield code="a">Aerogeneradors</subfield>
   </datafield>
   <datafield ind2="0" ind1="0" tag="245">
      <subfield code="a">Modelling and control of PMSG based offshore wind turbine</subfield>
   </datafield>
</record></metadata></record></GetRecord></OAI-PMH>